[Event "Frankfurt-chB"]
[Site "Frankfurt"]
[Date "2018.05.14"]
[Round "3"]
[White "Krehl, Collin"]
[Black "Brand, Achim"]
[Result "1-0"]
[WhiteElo "1462"]
[BlackElo "1343"]
[PlyCount "172"]
[EventDate "2018.04.30"]
[EventType "swiss"]
[EventRounds "7"]
[EventCountry "GER"]
[SourceTitle "EXT 2019"]
[Source "ChessBase"]
[SourceDate "2018.10.10"]
[SourceVersion "1"]
[SourceVersionDate "2018.10.10"]
[SourceQuality "1"]

1. c4 g6 2. Nc3 Bg7 3. d4 Nf6 4. Nf3 d6 5. Bf4 0-0 6. h3 b6 7. e3 Bb7 8. d5 Nbd7 9. Bd3 e5 10. Bg5 Re8 11. e4 h6 12. Be3 g5 13. Qd2 Nh5 14. g3 Qf6 15. Be2 Qg6 16. h4 g4 17. Nh2 Ndf6 18. Qc2 c6 19. Rg1 cxd5 20. cxd5 Nxd5 21. Bxg4 Nxe3 22. fxe3 Bc8 23. Bf5 Bxf5 24. exf5 Qh7 25. g4 Nf6 26. g5 hxg5 27. hxg5 Qh4+ 28. Kd1 Nd7 29. f6 Bh8 30. Nf3 Qh5 31. Ke2 Qg6 32. Qxg6+ fxg6 33. Nd5 Red8 34. Ne7+ Kf7 35. Nh4 Nxf6 36. gxf6 Bxf6 37. Nexg6 Rg8 38. Raf1 Ke6 39. e4 Rac8 40. Nf5 Rcd8 41. Nh6 Rg7 42. Nf5 Rh7 43. Rh1 Rxh1 44. Rxh1 d5 45. Ke3 d4+ 46. Kd3 Rg8 47. Rh6 Kf7 48. Ngh4 a5 49. Rh7+ Ke6 50. Rb7 Bd8 51. Rg7 Rh8 52. Rg6+ Kf7 53. Rg7+ Ke6 54. Rg6+ Kf7 55. Nh6+ Ke7 56. N4f5+ Kd7 57. Kc4 Re8 58. Kd5 Bc7 59. Rg7+ Kc8 60. Nd6+ Bxd6 61. Kxd6 Rd8+ 62. Kc6 d3 63. Rg1 d2 64. Rd1 Rd4 65. Nf7 Rc4+ 66. Kxb6 Rb4+ 67. Kxa5 Rxb2 68. a4 Kc7 69. Nxe5 Rb8 70. Rxd2 Ra8+ 71. Kb4 Rb8+ 72. Kc5 Ra8 73. Rd7+ Kc8 74. Kb6 Rb8+ 75. Kc6 Rb1 76. Nc4 Rc1 77. Rd4 Rxc4+ 78. Rxc4 Kd8 79. Rd4+ Ke7 80. Rd6 Kf7 81. a5 Ke7 82. a6 Kf7 83. a7 Ke7 84. a8Q Kf7 85. Qb7+ Ke8 86. Rd7 Kf8 1-0

[Event "Frankfurt-chB"]
[Site "Frankfurt"]
[Date "2016.05.09"]
[Round "3"]
[White "Ratfai, Miksa"]
[Black "Brand, Achim"]
[Result "0-1"]
[WhiteElo "947"]
[BlackElo "1335"]
[PlyCount "52"]
[EventDate "2016.04.25"]
[EventType "swiss"]
[EventRounds "9"]
[EventCountry "GER"]
[SourceTitle "EXT 2018"]
[Source "ChessBase"]
[SourceDate "2017.10.13"]
[SourceVersion "1"]
[SourceVersionDate "2017.10.13"]
[SourceQuality "1"]

1. e4 g6 2. d4 Bg7 3. Nc3 c6 4. Nf3 d6 5. Bf4 Nf6 6. Bc4 b5 7. Bb3 0-0 8. 0-0 Ba6 9. Re1 h6 10. Qd2 g5 11. e5 dxe5 12. Bxe5 e6 13. Ne4 Nxe4 14. Rxe4 Nd7 15. Bd6 Nf6 16. Bxf8 Nxe4 17. Qd3 Nxf2 18. Kxf2 Kxf8 19. Qe4 Bb7 20. Rd1 Qe7 21. a4 a6 22. c4 Qb4 23. Nd2 bxa4 24. Bc2 c5 25. Qd3 Bxd4+ 26. Kf1 Qxb2 0-1

[Event "Frankfurt-chB"]
[Site "Frankfurt"]
[Date "2016.04.25"]
[Round "1"]
[White "Fredershausen, Kurt"]
[Black "Brand, Achim"]
[Result "0-1"]
[WhiteElo "1023"]
[BlackElo "1335"]
[PlyCount "44"]
[EventDate "2016.04.25"]
[EventType "swiss"]
[EventRounds "9"]
[EventCountry "GER"]
[SourceTitle "EXT 2018"]
[Source "ChessBase"]
[SourceDate "2017.10.13"]
[SourceVersion "1"]
[SourceVersionDate "2017.10.13"]
[SourceQuality "1"]

1. e4 c5 2. Nf3 Nc6 3. Bc4 e5 4. Nc3 Nf6 5. 0-0 d6 6. d3 h6 7. h3 Be7 8. a3 0-0 9. Ne2 a6 10. Ng3 b5 11. Ba2 d5 12. c3 c4 13. d4 dxe4 14. Nxe5 Qc7 15. Nxc6 Qxc6 16. Be3 Nd5 17. Re1 f5 18. Ne2 f4 19. Bd2 Qg6 20. Kh1 f3 21. gxf3 Rxf3 22. Rg1 Rxh3# 0-1

[Event "Frankfurt-chB"]
[Site "Frankfurt"]
[Date "2015.05.04"]
[Round "2"]
[White "Brand, Achim"]
[Black "Mayer, Andreas"]
[Result "1/2-1/2"]
[WhiteElo "1244"]
[BlackElo "1478"]
[PlyCount "62"]
[EventDate "2015.04.27"]
[EventType "swiss"]
[EventRounds "7"]
[EventCountry "GER"]
[SourceTitle "EXT 2016"]
[Source "ChessBase"]
[SourceDate "2015.10.08"]
[SourceVersion "1"]
[SourceVersionDate "2015.10.08"]
[SourceQuality "1"]

1. e4 c5 2. Bc4 Nc6 3. Nf3 e6 4. Qe2 a6 5. a3 g6 6. 0-0 Bg7 7. Nc3 Nge7 8. d3 0-0 9. Bg5 b5 10. Ba2 Qc7 11. Nd1 d5 12. c3 dxe4 13. dxe4 c4 14. Ne3 h5 15. Nc2 Bb7 16. Rad1 Nc8 17. Rd2 Nb6 18. Ncd4 e5 19. Nxc6 Qxc6 20. Bb1 f6 21. Be3 Rad8 22. Rfd1 Qc7 23. Nh4 Kh7 24. g4 Rxd2 25. Rxd2 g5 26. gxh5 gxh4 27. Qg4 Rg8 28. Qg6+ Kh8 29. Kf1 Rd8 30. h6 Rxd2 31. hxg7+ Qxg7 1/2-1/2

[Event "Frankfurt-chB"]
[Site "Frankfurt"]
[Date "2014.05.19"]
[Round "4"]
[White "Brand, Achim"]
[Black "Urbach, Jens"]
[Result "1-0"]
[WhiteElo "1238"]
[BlackElo "1373"]
[PlyCount "143"]
[EventDate "2014.04.28"]
[EventType "swiss"]
[EventRounds "7"]
[EventCountry "GER"]
[SourceTitle "EXT 2015"]
[Source "ChessBase"]
[SourceDate "2014.11.20"]
[SourceVersion "1"]
[SourceVersionDate "2014.11.20"]
[SourceQuality "1"]

1. e4 e5 2. Nf3 Nc6 3. Bb5 d6 4. d4 Bd7 5. Nc3 exd4 6. Nd5 Nf6 7. Bg5 Be7 8. Nxe7 Qxe7 9. 0-0 0-0 10. Re1 a6 11. Bxf6 Qxf6 12. Bxc6 Bxc6 13. Qxd4 Qf4 14. Re3 Rfe8 15. Rae1 Re7 16. Nd2 Rae8 17. Rg3 f6 18. Rf3 Qg5 19. Rg3 Qe5 20. Qxe5 Rxe5 21. Rge3 d5 22. f4 R5e7 23. e5 fxe5 24. fxe5 Re6 25. Nf3 d4 26. Nxd4 Rg6 27. Nxc6 Rxc6 28. c3 g6 29. Rd1 Rce6 30. Rde1 Kg7 31. h4 h5 32. Kh2 Rd8 33. R1e2 Rd5 34. Re4 b5 35. c4 bxc4 36. Rxc4 Rdxe5 37. Rxc7+ Kh6 38. Rd2 Re7 39. Rc6 a5 40. Rdd6 Rg7 41. Ra6 Rb5 42. a4 Rxb2 43. Rxa5 Rb4 44. Kh3 Rb3+ 45. g3 Re7 46. Rg5 Rg7 47. a5 Ra3 48. a6 Kh7 49. Rb5 Rf7 50. Rbb6 Rg7 51. Kg2 Kh6 52. Rf6 Ra2+ 53. Kf3 Ra4 54. Rb7 Rxb7 55. axb7 Rb4 56. Rf7 Rb5 57. Ke4 Rb1 58. Kd5 g5 59. Kc6 Kg6 60. Re7 gxh4 61. gxh4 Kf6 62. Rh7 Rc1+ 63. Kb6 Rb1+ 64. Ka7 Ra1+ 65. Kb8 Kg6 66. Rc7 Kf6 67. Kc8 Rg1 68. b8Q Rg8+ 69. Kb7 Rxb8+ 70. Kxb8 Kf5 71. Rg7 Kf6 72. Rg5 1-0